Super Bowl Quarterbacks - Statistics

General Stats
  • This quiz has been taken 19 times
  • The average score is 21 of 26
Answer Stats
Hint Answer % Correct
Patriots Brady
100%
Colts Manning
100%
Giants Manning
100%
Saints Brees
94%
Bengals Burrow
94%
Panthers Newton
94%
Packers Rodgers
94%
Steelers Roethlisberger
94%
Falcons Ryan
94%
Rams Stafford
94%
Ravens Flacco
88%
Chiefs Mahomes
88%
Seahawks Wilson
88%
Eagles Foles
81%
Rams Goff
81%
49ers Garoppolo
75%
Bucs Johnson
75%
Rams Warner
75%
49ers Kaepernick
69%
Eagles McNabb
69%
Ravens Dilfer
63%
Raiders Gannon
56%
Giants Collins
50%
Bears Grossman
50%
Panthers Delhomme
44%
Seahawks Hasselbeck
44%
No matching quizzes found
Score Distribution
Percent of People with Each Score
Percentile by Number Answered
Your Score History
You have not taken this quiz